000 00475nam a2200169 i 4500
001 56569
003 ES-MaACL
005 20230906163413.0
007 t|
008 031010s1922 fr ||||1| fre d
100 1 _aDide, M.
_944508
245 1 0 _aPsychiatrie du medecin praticien /
_cM. Dide y P. Guiraud.
260 _aParĂ­s :
_b[s.n.,
_c1922] (
_eTours :
_fE. Arrault et Cie)
300 _a415 p. ;
_c20 cm.
700 1 _aGuiraud, P.
_960891
852 _aES-MaACL
_jB-11978
999 _c56569
_d56569